000 00827nam a22002055i 4500
001 161077
003 ES-MaACL
005 20251122063133.0
008 940301s1887 sp |||| | spa d
040 _aAR
_bspa
100 1 _aOrtega Munilla, José,
_d1856-1922
_987477
245 1 0 _aMares y montañas
_b: Vigo, San Sebastián, Panticosa, Linares, Los Pirineos, Bilbao /
_cJ. Ortega Munilla.
260 _aMadrid :
_b[s.n.],
_c1887 (
_fimp. de Fortanet)
300 _a226 p. ;
_c19 cm.
530 _aDisponible en formato digital.
651 4 _aEspaña-
_xDescripción.
_98184
852 _aES-MaACL
_jT-884-F-1
_z-- Enc. hol.
_q-- Falto de la cub. original
_z-- Enc. en un vol. facticio
856 _uhttp://bdh-rd.bne.es/viewer.vm?id=0000090271&page=1
_zBiblioteca Digital Hispánica
999 _c161077
_d161077